<?xml version="1.0" encoding="UTF-8"?>
<record
    xmlns:xsi="http://www.w3.org/2001/XMLSchema-instance"
    xsi:schemaLocation="http://www.loc.gov/MARC21/slim http://www.loc.gov/standards/marcxml/schema/MARC21slim.xsd"
    xmlns="http://www.loc.gov/MARC21/slim">

  <leader>01152nam0a2200301   4500</leader>
  <controlfield tag="001">RU\NLR\BIBL_A\010209132</controlfield>
  <controlfield tag="005">20260405071417.0</controlfield>
  <datafield tag="010" ind1=" " ind2=" ">
    <subfield code="a">978-5-17-082720-6</subfield>
    <subfield code="b">&#x410;&#x421;&#x422;</subfield>
  </datafield>
  <datafield tag="010" ind1=" " ind2=" ">
    <subfield code="a">978-5-271-46809-4</subfield>
    <subfield code="b">&#x410;&#x441;&#x442;&#x440;&#x435;&#x43B;&#x44C;</subfield>
    <subfield code="9">4000</subfield>
  </datafield>
  <datafield tag="021" ind1=" " ind2=" ">
    <subfield code="a">RU</subfield>
    <subfield code="b">2014-475</subfield>
    <subfield code="9">24</subfield>
  </datafield>
  <datafield tag="035" ind1=" " ind2=" ">
    <subfield code="a">(NLR Aleph) 010209132</subfield>
  </datafield>
  <datafield tag="090" ind1=" " ind2=" ">
    <subfield code="a">10266877</subfield>
    <subfield code="c">10266877</subfield>
  </datafield>
  <datafield tag="100" ind1=" " ind2=" ">
    <subfield code="a">20120207d2013    |||y0rusy50      ca</subfield>
  </datafield>
  <datafield tag="101" ind1="0" ind2=" ">
    <subfield code="a">rus</subfield>
  </datafield>
  <datafield tag="102" ind1=" " ind2=" ">
    <subfield code="a">RU</subfield>
  </datafield>
  <datafield tag="105" ind1=" " ind2=" ">
    <subfield code="a">a   jg  000yy</subfield>
  </datafield>
  <datafield tag="200" ind1="1" ind2=" ">
    <subfield code="a">&#x424;&#x438;&#x437;&#x438;&#x43A;&#x430; &#x432; &#x442;&#x430;&#x431;&#x43B;&#x438;&#x446;&#x430;&#x445;</subfield>
    <subfield code="e">7-11 &#x43A;&#x43B;&#x430;&#x441;&#x441;&#x44B;</subfield>
    <subfield code="e">&#x441;&#x43F;&#x440;&#x430;&#x432;&#x43E;&#x447;&#x43D;&#x44B;&#x435; &#x43C;&#x430;&#x442;&#x435;&#x440;&#x438;&#x430;&#x43B;&#x44B;</subfield>
    <subfield code="e">[&#x434;&#x43B;&#x44F; &#x431;&#x44B;&#x441;&#x442;&#x440;&#x43E;&#x439; &#x43F;&#x43E;&#x434;&#x433;&#x43E;&#x442;&#x43E;&#x432;&#x43A;&#x438; &#x43A; &#x443;&#x441;&#x442;&#x43D;&#x43E;&#x43C;&#x443; &#x44D;&#x43A;&#x437;&#x430;&#x43C;&#x435;&#x43D;&#x443; &#x438; &#x415;&#x413;&#x42D;</subfield>
    <subfield code="f">&#x43E;&#x442;&#x432;. &#x440;&#x435;&#x434;.: &#x410;.&#x42E;. &#x41A;&#x43E;&#x442;&#x43E;&#x432;&#x430;]</subfield>
  </datafield>
  <datafield tag="210" ind1=" " ind2=" ">
    <subfield code="a">&#x41C;&#x43E;&#x441;&#x43A;&#x432;&#x430;</subfield>
    <subfield code="c">&#x410;&#x421;&#x422;</subfield>
    <subfield code="c">&#x410;&#x441;&#x442;&#x440;&#x435;&#x43B;&#x44C;</subfield>
    <subfield code="d">2013</subfield>
  </datafield>
  <datafield tag="215" ind1=" " ind2=" ">
    <subfield code="a">190, [1] &#x441;.</subfield>
    <subfield code="c">&#x438;&#x43B;.</subfield>
    <subfield code="d">17</subfield>
  </datafield>
  <datafield tag="225" ind1="1" ind2=" ">
    <subfield code="a">&#x428;&#x43A;&#x43E;&#x43B;&#x44C;&#x43D;&#x430;&#x44F; &#x43F;&#x440;&#x43E;&#x433;&#x440;&#x430;&#x43C;&#x43C;&#x430;</subfield>
  </datafield>
  <datafield tag="606" ind1="1" ind2=" ">
    <subfield code="a">&#x424;&#x438;&#x437;&#x438;&#x43A;&#x430;</subfield>
    <subfield code="j">&#x422;&#x430;&#x431;&#x43B;&#x438;&#x446;&#x44B;</subfield>
    <subfield code="9">898198</subfield>
    <subfield code="3">RU\NLR\AUTH\665898</subfield>
  </datafield>
  <datafield tag="686" ind1="1" ind2=" ">
    <subfield code="a">&#x412;3&#x44F;721-7</subfield>
  </datafield>
  <datafield tag="702" ind1=" " ind2="1">
    <subfield code="8">rus</subfield>
    <subfield code="7">ca</subfield>
    <subfield code="a">&#x41A;&#x43E;&#x442;&#x43E;&#x432;&#x430;</subfield>
    <subfield code="b">&#x410;.&#x42E;.</subfield>
    <subfield code="g">&#x410;&#x43D;&#x43D;&#x430; &#x42E;&#x440;&#x44C;&#x435;&#x432;&#x43D;&#x430;</subfield>
    <subfield code="3">RU\NLR\auth\7724401</subfield>
    <subfield code="9">7452</subfield>
  </datafield>
  <datafield tag="830" ind1=" " ind2=" ">
    <subfield code="a">&#x440;&#x435;&#x434;. &#x43F;&#x43E; &#x431;&#x430;&#x437;&#x435;</subfield>
  </datafield>
  <datafield tag="942" ind1=" " ind2=" ">
    <subfield code="c">BOOK</subfield>
  </datafield>
  <datafield tag="980" ind1=" " ind2=" ">
    <subfield code="a">NB</subfield>
  </datafield>
  <datafield tag="995" ind1=" " ind2=" ">
    <subfield code="5">2014-03-12</subfield>
    <subfield code="a">ad</subfield>
    <subfield code="b">NLR01</subfield>
    <subfield code="c">NLR01</subfield>
    <subfield code="e">RF8</subfield>
    <subfield code="f">1-110105</subfield>
    <subfield code="k">2014-2/993</subfield>
    <subfield code="o">0</subfield>
    <subfield code="r">BOOK</subfield>
    <subfield code="s">20142993_</subfield>
  </datafield>
  <datafield tag="995" ind1=" " ind2=" ">
    <subfield code="5">2014-03-12</subfield>
    <subfield code="a">ad</subfield>
    <subfield code="b">NLR01</subfield>
    <subfield code="c">NLR01</subfield>
    <subfield code="e">RF8</subfield>
    <subfield code="f">1-110104</subfield>
    <subfield code="k">2014-2/993</subfield>
    <subfield code="o">0</subfield>
    <subfield code="r">BOOK</subfield>
    <subfield code="s">20142993_</subfield>
  </datafield>
</record>
